| 000 | 00737nam a2200241Ia 4500 | ||
|---|---|---|---|
| 008 | 191130s2008##################000#0#eng## | ||
| 020 | _a9781843548225 | ||
| 022 | _a2007039250 | ||
| 040 |
_aACL _cACL |
||
| 082 | _a306.3615 PIN | ||
| 100 | _aPinker, Susan | ||
| 245 |
_aThe sexual paradox : men, women and the real gender gap _cSusan Pinker |
||
| 250 | _a1st Scribner hardcover ed | ||
| 260 |
_aNew York _bScribner _c2008 |
||
| 300 | _ax, 340 p. : ill. ; 24 cm | ||
| 500 | _aIncludes bibliographical references (p. 309-328) and index | ||
| 650 | _aSex differences | ||
| 650 | _aSex role | ||
| 650 | _aSexual division of labor | ||
| 990 | _aa3fe3fdcac10000c4078265422f5bf2f | ||
| 991 | _a214805 | ||
| 999 |
_c293411 _d293411 |
||